| 000 | 003750000a22001690004500 | ||
|---|---|---|---|
| 001 | 002776 | ||
| 003 | MACL | ||
| 040 | _aMACL | ||
| 090 |
_c14769 _d14768 |
||
| 100 | _aDhawan, Vibha | ||
| 245 |
_aBiotechnology for Food and Nutritional Security _cVibha Dhawan |
||
| 260 |
_aTERI, _c2004 |
||
| 350 | _a425 | ||
| 650 | _aTechnology | ||
| 942 |
_k600 _cBook |
||
| 951 | _o600 Book | ||
| 999 |
_c14685 _d14685 |
||